00400nam a2200169Ia 4500003000400000005001700004008004100021020001500062050002300077100001900100245003900119260003500158300001600193440000600209521000700215526000800222OSt20140311163110.0140130s9999 xx 000 0 und d a0590453033 aNA 7120b.D65 1992 aDorros, Arthur aThis is my house /cArthur Dorros. bScholastic,c1992.aNew York : bcol. ill. ; v1 aG3 c500